|
|
|
|
| LEADER |
00000cam a2200000 a 4500 |
| 001 |
73707-2 |
| 005 |
20230308165701.0 |
| 008 |
000000|1953 ||||||||r|||||||||||spa|| |
| 040 |
|
|
|b spa
|
| 041 |
1 |
|
|a spa
|
| 082 |
0 |
|
|a 660.28
|
| 100 |
1 |
|
|a González del Tanago, José
|9 38972
|
| 245 |
|
|
|a Fluidodinámica y transporte de fluidos en sus aplicaciones a la ingeniería química
|c José González del Tanago
|h imp
|
| 264 |
|
|
|a Madrid
|b Dossat
|c 1953
|
| 300 |
|
|
|a 345 páginas:
|c 24 cm
|
| 650 |
1 |
|
|a Fluidos
|9 35662
|
| 650 |
1 |
|
|a Movimiento de fluidos
|9 38981
|
| 650 |
1 |
|
|a Mediciones hidraulicas
|9 38982
|
| 650 |
1 |
|
|a Transporte de liquidos
|9 38983
|
| 650 |
1 |
|
|a Evacuacion de gases
|9 38984
|
| 650 |
1 |
|
|a Medida de presion
|9 38985
|
| 852 |
|
|
|a UC-CDJBV
|c SEGUNDO PISO
|f Compra
|k zulay.encalada
|l 1
|m General
|p 00000000
|q 1.00
|r 2
|t 73707-2
|b 0
|d CDRC
|e CDRC
|g 660.28 SEGUNDO PISO
|z 0000-00-00
|
| 942 |
|
|
|c BK
|
| 999 |
|
|
|c 29590
|d 29590
|